កំណែលំហាត់ គណិតវិទ្យា ថ្នាក់ទី​​៩/ (Record no. 3641)

MARC details
000 -LEADER
fixed length control field 01143nam a22002417a 4500
001 - CONTROL NUMBER
control field 3641
003 - CONTROL NUMBER IDENTIFIER
control field FISKH
005 - DATE AND TIME OF LATEST TRANSACTION
control field 20240402100022.0
008 - FIXED-LENGTH DATA ELEMENTS--GENERAL INFORMATION
fixed length control field 240402b cb ||||| |||| 00| 0 eng d
040 ## - CATALOGING SOURCE
Original cataloging agency FISKH
Language of cataloging khr
Transcribing agency FISKH
Modifying agency FISKH
050 ## - LIBRARY OF CONGRESS CALL NUMBER
Classification number PZ7
082 ## - DEWEY DECIMAL CLASSIFICATION NUMBER
Classification number 512.74
100 ## - MAIN ENTRY--PERSONAL NAME
Personal name Kimsrun, Inn
245 ## - TITLE STATEMENT
Title កំណែលំហាត់ គណិតវិទ្យា ថ្នាក់ទី​​៩/
260 ## - PUBLICATION, DISTRIBUTION, ETC.
Place of publication, distribution, etc. Phnom Penh :
Name of publisher, distributor, etc. គ្រិះស្ថានបោះពុម្ពនិងចែកផ្សាយ,
Date of publication, distribution, etc. 2012.
300 ## - PHYSICAL DESCRIPTION
Extent 180 pages :
Dimensions 21 cm
520 ## - SUMMARY, ETC.
Summary, etc. កំណែ​លំហាត់​គណិតវិទ្យា ថ្នាក់ទី៩ ជា​សៀវភៅ​ជំនួយ​ដល់​ការ​ហ្វឹកហាត់​បន្ថែម​នៅ​ផ្ទះ សម្រាប់​ថ្នាក់​មធ្យមសិក្សា ។
520 ## - SUMMARY, ETC.
Summary, etc. Grade 9 Math Exercises is a textbook for extra practice at home for high school students.
650 ## - SUBJECT ADDED ENTRY--TOPICAL TERM
Topical term or geographic name entry element កំណែគណិតវិទ្យា​
650 ## - SUBJECT ADDED ENTRY--TOPICAL TERM
Topical term or geographic name entry element Math version
942 ## - ADDED ENTRY ELEMENTS (KOHA)
Source of classification or shelving scheme Dewey Decimal Classification
Koha item type Khmer Books
Suppress in OPAC No
Holdings
Withdrawn status Lost status Source of classification or shelving scheme Damaged status Not for loan Collection Home library Current library Shelving location Date acquired Total Checkouts Full call number Barcode Date last seen Copy number Price effective from Koha item type
    Dewey Decimal Classification     Reference Footprints International School Library Network Toul Kork Campus Footprints International School Library Network Toul Kork Campus TK Old Khmer Books (Rear Hallway Shelf 3) 04/02/2024   KIM 512.74 PZ7 2024-0439 04/02/2024 1 04/02/2024 Khmer Books
    Dewey Decimal Classification     Reference Footprints International School Library Network Toul Tom Poung Campus Footprints International School Library Network Toul Kork Campus TTP Secondary Khmer Bookshelves 05/09/2025   KIM 512.74 PZ7 2025-1239 05/09/2025 2 05/09/2025 Khmer Books